000 00409nam a2200181Ia 4500
001 22727
005 20260414150850.0
008 260414t2006||||xx |||||||||||||| ||spa||
041 _aESP
082 _a621.38784
_bC77
100 _aCookson, Gillian
_eAUT
245 4 _aThe cable
_b
260 _c2006
300 _a160 páginas :
_c20 cm.
650 _aTCA
654 _aCET
942 _cLIB
_dJUS
_fJUS
_2ddc
_n
999 _c22727
_d22727